00475nam a2200169 a 450000500170000000800410001705000240005810000230008224500630010525000130016830000460018152100080022765000190023565000220025465000130027665000160028920140310183249.0040927s19uu xx 00 eng d aQP 34.5b.T712 2003 aTortora, Gerard J. aPrinciples of anatomy and physiology /.cGerard J. Tortora a10th ed. a1104 p. : bill. (mostly col.) ; c28 cm. aNUR aHuman anatomy. aHuman physiology. aAnatomy. aPhysiology.